000 00647nam a2200181Ia 4500
008 090122s9999 xx 000 0 und d
082 _b13166
_a920.71
100 _aराणे
_bके
_cपी
245 _aशिक्षणतज्ज्ञ - मधुकरराव चौधरी
260 _bऋचा
_c2008
300 _a312
501 _aललित वितरण
600 _aराणे
630 _aशिक्षणतज्ज्ञ - मधुकरराव चौधरी
700 _aराणे
730 _aशिक्षणतज्ज्ञ - मधुकरराव चौधरी
942 _cBOOK
999 _c37243
_d37243